00867 2200313 4500001002100000005001500021035002000036007000300056040001700059100002900076245006700105250001000172300003800182504002600220020001800246041000800264082001100272084001700283090002600300264004100326336002100367337003000388338002300418650002300441850001000464008004100474990001600515990002200531INLIS00000000000943820260420023029 a0010-1222000043ta aSBPUPADbind0 aRoni Fadilah:ePengarang1 aAneka Penyakit Pada Ayam Dan Cara Mengatasinya /cRoni Fadilah aCet.1 aviii 170 hlm. :bilus. ;c23,5 cm abibiliografi, hlm 153 a979-3702-17-60 aind a636.51 a636.51 RON a a636.51 RON a L 19 R 9 aJakarta :bAgro Media Pustaka,c2004 2rdacontentateks 2rdamediaatanpa perantara 2rdacarrieravolume 4aTeknologi terampil aPUPAD260420 0  a2138/H/2007 a2139/H/ARPUS/2007